| 000 | 05209namaa22004451i 4500 | ||
|---|---|---|---|
| 003 | EG-GICUC | ||
| 005 | 20260503214907.0 | ||
| 008 | 260503s2025 ua a|||frm||| 000 0 eng d | ||
| 040 |
_aEG-GICUC _beng _cEG-GICUC _dEG-GICUC _erda |
||
| 041 | 0 |
_aeng _beng _bara |
|
| 049 | _aDeposit | ||
| 082 | 0 | 4 | _a617.00951 |
| 092 |
_a617.00951 _221 |
||
| 097 | _aPh.D | ||
| 099 | _aCai01.11.14.Ph.D.2025.No.U | ||
| 100 | 0 |
_aNouh Ali Mohammed Abd El-Wahab, _epreparation. |
|
| 245 | 1 | 0 |
_aComparative Study between Laparoscopic sleeve gastrectomy (LSG) versus Single Anastomosis Sleeve (SASI): _bA Prospective Cohort Study / _cby Nouh Ali Mohammed Abd El-Wahab ; Supervised Prof. Dr. Moataz Mohammed Aboelazam, Dr. Ahmed Gamal Eldin Safina, Dr. Mohanned Ali Fayed. |
| 246 | 1 | 5 |
_aدراسة مقارنة بين جراحة تكميم المعدة بالمنظار مقابل جراحة المفاغرة اللفائفية : _bدراسة تقدمية |
| 264 | 0 | _c2025. | |
| 300 |
_a144 pages : _billustrations ; _c25 cm. + _eCD. |
||
| 336 |
_atext _2rda content |
||
| 337 |
_aUnmediated _2rdamedia |
||
| 338 |
_avolume _2rdacarrier |
||
| 502 | _aThesis (Ph.D)-Cairo University, 2025. | ||
| 504 | _aBibliography: pages 113-140. | ||
| 520 | 3 | _aObesity has become a worldwide epidemic accompanied by significant adverse health effects Individuals with very high body mass index (BMI > 40 kg/m2) or obese subjects with BMI in the range of 35–40 kg/m2 with one of the obesity-associated complications are elected for surgery. Additionally, patients with type 2 diabetes (T2DM) who have insufficient blood glucose control on traditional therapy may be referred to bariatric surgery even when having a BMI value below 35 kg/m2 .LSG proved effective in promoting weight loss for individuals with a BMI < 50 kg/m2, those classified as having super obesity may encounter less favorable weight reduction outcomes after undergoing LSG. The Single Anastomosis Sleeve Ileal Bypass (SASI) procedure combines aspects of two well-established procedures: Sleeve Gastrectomy and Ileal Transposition. The additional step of rerouting a section of the small intestine typically the ileum, to connect with the remaining stomach. This rearrangement alters the normal digestive pathway, potentially influencing hormonal and metabolic factors. The goal is to enhance the positive effects on weight loss and metabolic health, particularly in relation to type 2 diabetes .While SASI bypass is still a relatively new procedure, early research suggests promising outcomes in terms of weight loss and metabolic improvement. | |
| 520 | 3 | _aأصبحت عملية تكميم المعدة بالمنظار بسبب سهولتها التقنية وانخفاض معدلات الإصابة والمضاعفات، الطريقة الأكثر استخدامًا في العلاج الجراحي للسمنة المفرطة. كما أثبتت أيضا عملية تكميم المعدة فعاليتها في تعزيز فقدان الوزن لدى الأفراد الذين لديهم مؤشر كتلة جسم أقل من 50 كجم/م2، وقد يواجه أولئك المصنفون على أنهم يعانون من سمنة مفرطة نتائج أقل ملاءمة لفقدان الوزن بعد الخضوع لا تزال عملية توصيل الامعاء بنقطة واحدة بعد التكميم (SASI) إجراءً جديدًا نسبيًا، وتشير الأبحاث المبكرة إلى نتائج واعدة من حيث فقدان الوزن وتحسين التمثيل الغذائي. أجرينا دراسة مقارنة مستقبلية شملت 100 مريض مُصنفين إلى مجموعتين، 50 مريضًا لكل مجموعة في مستشفيات جامعة القاهرة بين يناير 2024 ويوليو 2025. في هذه الدراسة، هدفنا إلى المقارنة بين عملية تكميم المعدة بالمنظار (LSG) وعملية توصيل الامعاء بنقطة واحدة بعد التكميم (SASI) في فقدان الوزن والأمراض المصاحبة، وخاصة ارتفاع ضغط الدم ومرض السكري. أظهرت النتائج أن عملية توصيل الامعاء بنقطة واحدة بعد التكميم (SASI) أكثر فعالية في إنقاص الوزن ونسبة فقدان الوزن الزائد ومؤشر كتلة الجسم بعد 6 أشهر من عملية تكميم المعدة بالمنظار (LSG). | |
| 530 | _aIssues also as CD. | ||
| 546 | _aText in English and abstract in Arabic & English. | ||
| 650 | 0 | _aGeneral Surgery | |
| 650 | 0 | _aالجراحة العامة | |
| 653 | 0 |
_aBoth SASI and _aLSG sleeve ileal _abypass SASI |
|
| 700 | 0 |
_aMoataz Mohammed Aboelazam _ethesis advisor. |
|
| 700 | 0 |
_aAhmed Gamal Eldin Safina _ethesis advisor. |
|
| 700 | 0 |
_aMohanned Ali Fayed _ethesis advisor. |
|
| 900 |
_b01-01-2025 _cMoataz Mohammed Aboelazam _cAhmed Gamal Eldin Safina _cMohanned Ali Fayed _UCairo University _Ffaculty of Medicine _DDepartment of General Surgery. |
||
| 905 | _aShimaa | ||
| 942 |
_2ddc _cTH _e21 _n0 |
||
| 999 | _c179943 | ||